Cançoner català dels segles XVI-XVIII : recopilació, transcripció, comentaris i realització de l' acompanyament / per Miquel Querol i Gavaldà recopilació, transcripció, comentaris i realització de l' acompanyament / per Miquel Querol i Gavaldà
Publicado:
Barcelona :
Consejo Superior de Investigaciones Científicas : Instituto Español de Musicología ,
1979
Descripción Física:
140 p. : amb pauta musical, 2 p. de làm. ; 33 cm
Colección:
Monumentos de la música española ; 37
Materias:
Cançoners catalans -- S. XVI/XVIII
MARC
| LEADER | 00000nam a2200000Ia 4500 | ||
|---|---|---|---|
| 001 | 10376 | ||
| 008 | 160829s1979 xx 000 0 cat d | ||
| 080 | |a B-1-26 | ||
| 100 | |a Querol i Gavaldà, Miquel |9 21172 | ||
| 245 | |a Cançoner català dels segles XVI-XVIII : |b recopilació, transcripció, comentaris i realització de l' acompanyament / per Miquel Querol i Gavaldà | ||
| 260 | |a Barcelona : |b Consejo Superior de Investigaciones Científicas : |b Instituto Español de Musicología, |c 1979 | ||
| 300 | |a 140 p. : |b amb pauta musical, 2 p. de làm. ; |c 33 cm | ||
| 490 | |a Monumentos de la música española ; 37 | ||
| 650 | |a Cançoners catalans |x S. XVI/XVIII |9 21173 | ||
| 710 | 2 | |a Consejo Superior de Investigaciones Científicas (CSIC) (Espanya) |9 53988 | |
| 710 | 2 | |a Instituto Español de Musicología |9 54314 | |
| 901 | |a Arxiu | ||
| 942 | |n 1 | ||
| 952 | |0 0 |1 0 |4 0 |6 B126 |7 1 |9 41815 |a Arxiu |b Arxiu |d 2016-12-01 |l 0 |o B-1-26 |p 10376 |r 2016-12-01 00:00:00 |w 2016-12-01 |y ARXIU | ||
| 999 | |c 43738 |d 43738 | ||